HUENCHANG JODI ETIA ASOMOLOI AHE (Record no. 17521)
[ view plain ]
| 000 -LEADER | |
|---|---|
| fixed length control field | 00440cam a2200181ua 4500 |
| 008 - FIXED-LENGTH DATA ELEMENTS--GENERAL INFORMATION | |
| fixed length control field | 060101n2010 II |||gr||||Z||||||asm |
| 040 ## - CATALOGING SOURCE | |
| Original cataloging agency | MAIN |
| 041 ## - LANGUAGE CODE | |
| -- | English |
| 082 ## - DEWEY DECIMAL CLASSIFICATION NUMBER | |
| Classification number | 891.451 SHA |
| 100 ## - MAIN ENTRY--PERSONAL NAME | |
| Personal name | SHARMA, ANJAN. |
| 245 ## - TITLE STATEMENT | |
| Title | HUENCHANG JODI ETIA ASOMOLOI AHE |
| 250 ## - EDITION STATEMENT | |
| Edition statement | 1st. |
| 260 ## - PUBLICATION, DISTRIBUTION, ETC. | |
| Place of publication, distribution, etc. | GUWAHATI |
| Name of publisher, distributor, etc. | BHAWANI PUBLISHING CONCERN |
| Date of publication, distribution, etc. | 2010 |
| 300 ## - PHYSICAL DESCRIPTION | |
| Extent | 416: |
| Dimensions | 22CM. |
| 942 ## - ADDED ENTRY ELEMENTS (KOHA) | |
| Koha item type | Books |
| 653 ## - INDEX TERM--UNCONTROLLED | |
| Uncontrolled term | ASSAMESE LITERATURE |
| Withdrawn status | Lost status | Damaged status | Not for loan | Collection code | Home library | Current library | Shelving location | Date acquired | Full call number | Barcode | Date last seen | Copy number | Price effective from | Koha item type | Total Checkouts | Date last checked out | Source of classification or shelving scheme | Source of acquisition |
|---|---|---|---|---|---|---|---|---|---|---|---|---|---|---|---|---|---|---|
| REFASM | Central Library and Information Centre Sibsagar Girls College | Central Library and Information Centre Sibsagar Girls College | Assamese Fiction | 27.08.2011 | 891.451 SHA | 26801 | 27.02.2020 | 1 | 27.02.2020 | Books | ||||||||
| REFASM | Central Library and Information Centre Sibsagar Girls College | Central Library and Information Centre Sibsagar Girls College | Assamese Fiction | 27.08.2011 | 891.451 SHA | 26802 | 27.02.2020 | 2 | 27.02.2020 | Books | ||||||||
| REFASM | Central Library and Information Centre Sibsagar Girls College | Central Library and Information Centre Sibsagar Girls College | Assamese Fiction | 27.08.2011 | 891.451 SHA | 26803 | 28.08.2025 | 3 | 27.02.2020 | Books | 1 | 12.08.2025 | ||||||
| REFASM | Central Library and Information Centre Sibsagar Girls College | Central Library and Information Centre Sibsagar Girls College | BBLMC | 18.02.2022 | 891.451 SHA | 47484 | 16.11.2023 | 16.11.2023 | Books | Dewey Decimal Classification | BBF |